States of the Alamo Defenders - Statistics

General Stats
  • This quiz has been taken 21 times
  • The average score is 6 of 9
Answer Stats
# State % Correct
13 Texas
94%
30 Tennessee
82%
6 New York
76%
16 Virginia
71%
17 Kentucky
65%
6 Louisiana
65%
7 North Carolina
65%
9 South Carolina
65%
12 Pennsylvania
41%
No matching quizzes found
Score Distribution
Percent of People with Each Score
Percentile by Number Answered
Your Score History
You have not taken this quiz